000 00939cab a2200277 4500
001 ABS49720
008 090401t1993 xxu||||| |||| 00| 0 eng d
035 _a(Sirsi) u72507
041 _aeng
100 _aWright, J.A.
245 4 _aThe use of a geographical information system to investigate storm damage trees at Wykeham Forest, North Yorkshire
260 _c1993
350 _a0
490 _aScottish Forestry
_v47(4) October 1993, 166-174(9)
520 _aA GIS was employed to study storm damage of trees and identify such factors as soil and species, which affected the vulnerability of trees. That study is described here.
650 _aDIGITAL TERRAIN MODELS
650 _aFORESTRY
650 _aGIS
650 _aSTORM DAMAGE
650 _aTREES
690 _aMANAGEMENT-BUSINESS MANAGEMENT-INFORMATION MANAGEMENT
690 _aRURAL PRACTICE
700 _aQuine, C.P.
942 _n0
948 _c04/03/1997
999 _c45818
_d45818